Statistics for Any Top 4 Cities by Country Quiz #2

Click here to take the quiz!

General Stats

  • This quiz has been taken 74 times
  • The average score is 23 of 25

Answer Stats

CountryCity% Correct
ArgentinaBuenos Aires | Córdoba | Rosario | Mendoza
100%
SpainMadrid | Barcelona | Valencia | Seville
100%
GreeceAthens | Thessaloniki | Patras | Heraklion
97%
New ZealandAuckland | Christchurch | Wellington | Hamilton
97%
BelgiumBrussels | Antwerp | Liège | Ghent
97%
NetherlandsRotterdam | Amsterdam | Utrecht | Eindhoven
97%
ChileSantiago | Valparaíso | Concepción | La Serena
97%
CanadaToronto | Montréal | Vancouver | Calgary
97%
PolandWarsaw | Upper Silesia | Kraków | Wroclaw
97%
ColombiaBogotá | Medellín | Cali | Barranquilla
95%
AfghanistanKabul | Kandahar | Herat | Mazari Sharif
95%
TaiwanTaipei | Kaohsiung | Taichung | Tainan
95%
AlgeriaAlgiers | Oran | Constantine | Annaba
93%
IraqBaghdad | Mosul | Basra | Kirkuk
93%
MoroccoCasablanca | Rabat | Fez | Agadir
93%
SyriaDamascus | Aleppo | Homs | Latakia
93%
KenyaNairobi | Mombasa | Nakuru | Ruiru
93%
Saudi ArabiaRiyadh | Jeddah | Dammam | Mecca
93%
VenezuelaCaracas | Maracaibo | Valencia | Maracay
92%
EthiopiaAddis Ababa | Adama | Gondar | Mek'ele
90%
MalaysiaKuala Lumpur | George Town | Johor Bahru | Ipoh
90%
Dominican RepublicSanto Domingo | Santiago de los Caballeros | La Romana | San Pedro de Macorís
80%
TanzaniaDar es Salaam | Mwanza | Dodoma | Arusha
77%
MyanmarYangon | Mandalay | Naypyidaw | Taunggyi
74%
CameroonYaoundé | Douala | Bamenda | Bafoussam
66%

Score Distribution

Percentile by Number Answered

Percent of People with Each Score

Your Score History

You have not taken this quiz